Designs in metal /

Saved in:
Bibliographic Details
Main Author: Bridge, Paul
Other Authors: Crossland, Austin (joint author.)
Format: Book
Language:English
Published: London : Batsford, 1974.
Edition:Revised ed.
Subjects:
LEADER 00925cam a2200265 a 4500
001 c000298132
003 CARM
005 20090603181024.0
008 750310s1974 enka 000 0 eng
015 |a GB74-29645 
019 1 |a 260965  |z 23850735  |5 LACONCORD2021 
020 |a 0713428007 :  |c £2.50 
035 |a (OCoLC)1257735  |5 LACONCORD2021 
082 0 0 |a 739 
100 1 |a Bridge, Paul. 
245 1 0 |a Designs in metal /  |c [by] Paul Bridge and Austin Crossland. 
250 |a Revised ed. 
260 |a London :  |b Batsford,  |c 1974. 
300 |a 96 p. :  |b chiefly ill. ;  |c 21 cm. 
500 |a "Suppliers": p. 96. 
650 0 |a Art metal-work. 
700 1 0 |a Crossland, Austin,  |e joint author. 
852 8 |b CARM  |h A3:AE36E0  |i F06588  |p 0540072  |f BK 
999 f f |i 367fbe42-9f2a-55ed-8171-1f583f425bc9  |s e23e33fb-5e5e-585a-a7a4-cf68691cbf28 
952 f f |p Can circulate  |a CAVAL  |b CAVAL  |c CAVAL  |d CARM 1 Store  |e F06588  |f A3:AE36E0  |h Other scheme  |i book  |m 0540072